Co-ordination in artificial agent societies : social structure and its implications for autonomous problem-solving agents

Saved in:
Bibliographic Details
Main Author: Ossowski, Sascha 1968-
Format: Book
Language:English
Published: Berlin : Springer, c1999
Series:Lecture notes in computer science. Lecture notes in artificial intelligence ; ; 1535
Subjects:
Tags: Add Tag
No Tags, Be the first to tag this record!

MARC

LEADER 00000nam a2200000 i 4500
001 1/95639
008 991209s1999 eng d
020 |a 3-540-65495-X 
035 |l 10055397 
040 |a GR-MY-UA  |b gre  |e aacr 
041 0 |a eng 
082 0 |a 006.3 
100 0 |a Ossowski, Sascha  |d 1968- 
245 1 0 |a Co-ordination in artificial agent societies :  |b social structure and its implications for autonomous problem-solving agents /  |c Sascha Ossowski 
260 |a Berlin :   |b Springer,   |c c1999 
300 |a xiv, 221 p.;  |b ill.;  |c 24 cm. 
490 1 |a Lecture notes in computer science. Lecture note in artificial intelligence  |v ; 1535 
504 |a Includes bibliographical references 
650 0 0 |a Intelligent agents (Computer software) 
830 0 |a Lecture notes in computer science. Lecture notes in artificial intelligence ;  |v ; 1535 
852 |a INST  |b SAMOS  |e 19991209  |h 006.3 OSS  |p 005300016421  |q 005300016421  |t BK  |y 0 
901 |a BIBL3-1999-3 
909 |a Σ  |b 070543 
922 |a 3ΕΛΗ  |b 199911  |c ΤΠΕΣ  |d ΠΑΠΑΣΩΤΗΡΙΟΥ 
950 |a 133-1999-07-20 
970 |a ΠΟΥΡΝΑΡΑΣ  |b ΔΗΜΗΤΡΗΣ  |z 1999/12/09